000 00285nam a22001217a 4500
003 NUST
082 _a297,KAH
100 _aKhan, Abdul Waheed
245 _aQurani Malmoot /
_cAbdul Waheed Khan,
260 _aPakistan
_bKarachi
650 _aQurani Malmoot
_9109286
942 _2ddc
_cBK
999 _c593383
_d593383